Guess the Liam Payne song with no hints #4 - Statistics

General Stats
  • This quiz has been taken 7 times
  • The average score is 308 of 379
Answer Stats
Answer % Correct
a
100%
came
100%
do
100%
down
100%
fast,
100%
for
100%
forever
100%
Forever
100%
go
100%
gonna
100%
I
100%
I,
100%
just
100%
like
100%
me
100%
Slow
100%
when
100%
you,
100%
you
100%
You
100%
young
100%
all
83%
All
83%
along,
83%
always
83%
and
83%
But
83%
but
83%
didn't
83%
die
83%
ever
83%
feel
83%
get
83%
give
83%
high
83%
High
83%
in
83%
it
83%
know
83%
Know
83%
let
83%
live
83%
Live
83%
make
83%
now
83%
of
83%
off
83%
out
83%
that
83%
to
83%
wanna
83%
was
83%
we're
83%
yeah,
83%
yeah
83%
bright,
67%
Burn
67%
burn
67%
don't
67%
even
67%
getting
67%
good
67%
got
67%
head
67%
I'm
67%
lose
67%
Lose
67%
low,
67%
low
67%
made
67%
mind,
67%
miss
67%
my
67%
nights
67%
Nothing
67%
on
67%
one
67%
over,
67%
so
67%
Some
67%
still
67%
the
67%
The
67%
trying
67%
up
67%
Wasn't
67%
with
67%
Broken,
50%
chase
50%
control
50%
crazy
50%
faded
50%
focus
50%
fun
50%
gone
50%
hectic
50%
hit
50%
how
50%
into
50%
Jaded,
50%
many,
50%
party's
50%
restless
50%
roll
50%
runnin',
50%
Self-medicated
50%
sky,
50%
smoking
50%
somehow
50%
Till
50%
times
50%
Too
50%
too
50%
waiting
50%
way,
50%
way
50%
alive
33%
much,
33%
Sobered
33%
Wreckless,
33%
No matching quizzes found
Score Distribution
Percent of People with Each Score
Percentile by Number Answered
Your Score History
You have not taken this quiz